Safest States in the USA - Statistics

General Stats
  • This quiz has been taken 127 times
  • The average score is 8 of 10
Answer Stats
Hint Answer % Correct
1 Vermont
95%
2 Maine
94%
3 New Hampshire
94%
9 Rhode Island
90%
7 Connecticut
85%
4 Idaho
74%
6 Virginia
74%
8 Wyoming
72%
5 New Jersey
63%
10 Kentucky
53%
No matching quizzes found
Score Distribution
Percent of People with Each Score
Percentile by Number Answered
Your Score History
You have not taken this quiz